000 00511nam a2200181 i 4500
001 65888
003 ES-MaACL
005 20250804062735.0
007 t|
008 040123s1972 sp ||||1| spa d
100 1 _aFullat, Octavi (
_d1928-)
_953001
245 1 0 _aCon el hombre
_b: apuntes filosóficos /
_cOctavi Fullat.
260 _a[Barcelona] :
_bBosch,
_c[1972]
300 _a340 p. ;
_c22 cm.
650 0 7 _aFilosofía
_2embne
_912802
852 _aES-MaACL
_jC-43792
_bR.83375
999 _c65888
_d65888